000 00669cam a2200205 i 4500
005 20251210111728.0
008 250721s1437 su gr 000 0 ara d
082 1 4 _a216.23/حسن
100 1 _aحسن، علاء الدين
_eمؤلف.
245 1 0 _aشهر لا مثيل له /
_cتأليف علاء الدين حسن.
250 _a
264 3 1 _aالرياض :
_bمكتبة الملك فهد،
_c1437.
490 0 _aكتاب المجلة العربية
_v237
650 1 7 _aرمضان.
650 1 7 _aالصوم.
650 1 7 _aالاداب الاسلامية
650 1 7 _aالقيم الاخلاقية.
942 _2ddc
_cBK
999 _c135309
_d135309